000 00573nam a2200229Ia 4500
003 OSt
005 20230408100921.0
008 210423s2018 xx 000 0 und d
020 _a978-93-5271-089-8
040 _cAL
041 _aeng
082 _a651.7
_223
_bMADB
100 _aMADHUKAR (R K)
_964621
245 _aBusiness communication Ed 3
250 _a3
260 _aNoida
_bVikas Publications
_c2018
300 _axix,473
_bPB
365 _b450
_cINR
650 _aBusiness Communication
_964622
906 _aBusiness ; communication
942 _2ddc
_cBK
999 _c169327
_d169327